000 01751nam a2200265Ia 4500
999 _c53167
_d53167
001 20206
003 GE_BSU
005 20200610193014.0
008 181216s2012||||ge |||||||||||||| ||geo||
010 _a9789941103483
040 _cGE_BSU
041 _ageo
080 _a616.65.002 წ-58
245 _aწინამდებარე ჯირკვლის (პროსტატის) სიმსივნეების მედიკო-ბიოლოგიური ასპექტები :
_b[მონოგრაფია] /
_cავტ. : თ. ჩიგოგიძე, ნ. კოტრიკაძე, ლ. მანაგაძე, მ. ალიბეგაშვილი [და სხვ] ; რედ. ვლადიმერ სულხანიშვილი.
264 _aთბილისი :
_bმერიდიანი,
_c2012.
300 _a272 გვ. ;
_bილ., ცხრ. ;
_c29 სმ.
653 _aმედიცინა
653 _aპროსტატის სიმსივნური ტრანსფორმაციის გამომწვევი და განვითარების უჯრედული და მოლეკულური მექანიზმების შესახებ
700 _aჩიგოგიძე, თ.
_eავტორი
_98330
700 _aკოტრიკაძე, ნ.
_eავტორი
_98331
700 _aმანაგაძე, ლ.
_eავტორი
_98332
700 _aალიბეგაშვილი, მ.
_eავტორი
_98333
700 _aსულხანიშვილი, ვლადიმერ
_eრედაქტორი
_98334
942 _cBK
_2udc